[Event "65+ World Senior Team Championship"]
[Site "chess24.com"]
[Date "2017.05.02"]
[Round "9"]
[White "Scholes, James E"]
[Black "Werner, Clemens"]
[Result "0-1"]
[Board "1"]
[WhiteElo "2071"]
[WhiteCountry "ENG"]
[WhiteFideId "404659"]
[WhiteEloChange "-3"]
[BlackElo "2346"]
[BlackTitle "FM"]
[BlackCountry "GER"]
[BlackFideId "4604636"]
[BlackEloChange "3"]

1. d4 {[%clk 1:30:57]} Nf6 {[%clk 1:30:40]} 2. Nf3 {[%clk 1:31:15]} e6 {[%clk
1:28:20]} 3. Bf4 {[%clk 1:29:58]} c5 {[%clk 1:27:53]} 4. e3 {[%clk 1:28:35]} Be7
{[%clk 1:26:06]} 5. c3 {[%clk 1:27:21]} Nh5 {[%clk 1:25:24]} 6. Bg3 {[%clk
1:27:27]} b6 {[%clk 1:18:24]} 7. Nbd2 {[%clk 1:24:42]} Bb7 {[%clk 1:16:15]} 8.
Qc2 {[%clk 1:17:53]} h6 {[%clk 1:08:55]} 9. Be2 {[%clk 1:16:45]} d6 {[%clk
1:06:35]} 10. O-O-O {[%clk 1:16:36]} cxd4 {[%clk 1:00:49]} 11. exd4 {[%clk
1:13:51]} Nd7 {[%clk 0:59:18]} 12. Kb1 {[%clk 1:10:21]} Nxg3 {[%clk 0:57:16]} 13.
hxg3 {[%clk 1:10:44]} Qc7 {[%clk 0:57:07]} 14. Bd3 {[%clk 1:05:09]} O-O-O {[%clk
0:55:59]} 15. Be4 {[%clk 1:05:24]} Nf6 {[%clk 0:55:46]} 16. Bxb7+ {[%clk
1:01:37]} Qxb7 {[%clk 0:54:21]} 17. Rhe1 {[%clk 1:02:00]} Ng4 {[%clk 0:53:16]}
18. Re2 {[%clk 1:02:23]} Kb8 {[%clk 0:50:34]} 19. Qd3 {[%clk 0:59:04]} g6 {[%clk
0:46:21]} 20. Ne1 {[%clk 0:51:03]} h5 {[%clk 0:40:35]} 21. Qf3 {[%clk 0:45:27]}
Rdf8 {[%clk 0:36:51]} 22. Nd3 {[%clk 0:42:09]} Nf6 {[%clk 0:34:19]} 23. Qxb7+
{[%clk 0:37:16]} Kxb7 {[%clk 0:34:46]} 24. Rh1 {[%clk 0:36:29]} b5 {[%clk
0:33:52]} 25. f3 {[%clk 0:35:43]} Rc8 {[%clk 0:32:50]} 26. Ne4 {[%clk 0:33:06]}
Nd5 {[%clk 0:31:17]} 27. Nf4 {[%clk 0:33:00]} Nb6 {[%clk 0:29:25]} 28. Nh3 {[%clk
0:32:14]} Rhf8 {[%clk 0:24:50]} 29. Rd1 {[%clk 0:31:26]} a5 {[%clk 0:23:36]} 30.
Nf4 {[%clk 0:28:25]} d5 {[%clk 0:22:25]} 31. Nd2 {[%clk 0:26:06]} Bd6 {[%clk
0:22:37]} 32. Nd3 {[%clk 0:25:32]} Na4 {[%clk 0:20:01]} 33. Rc1 {[%clk 0:18:57]}
Bxg3 {[%clk 0:19:58]} 34. Nb3 {[%clk 0:18:47]} Ra8 {[%clk 0:17:41]} 35. f4 {[%clk
0:18:49]} Kc7 {[%clk 0:16:04]} 36. Re3 {[%clk 0:18:51]} Bh4 {[%clk 0:16:16]} 37.
Nbc5 {[%clk 0:18:50]} Nxc5 {[%clk 0:16:22]} 38. Nxc5 {[%clk 0:19:04]} Rae8 {[%clk
0:12:29]} 39. g3 {[%clk 0:19:10]} Be7 {[%clk 0:12:19]} 40. Nd3 {[%clk 0:49:31]}
Bd6 {[%clk 0:41:46]} 41. b3 {[%clk 0:49:39]} Rb8 {[%clk 0:39:39]} 42. Rf1 {[%clk
0:45:40]} Rbc8 {[%clk 0:38:37]} 43. Kb2 {[%clk 0:43:12]} Kd7 {[%clk 0:37:57]} 44.
a3 {[%clk 0:43:29]} Rg8 {[%clk 0:32:26]} 45. Rh1 {[%clk 0:40:24]} Ke7 {[%clk
0:26:28]} 46. Ne5 {[%clk 0:39:03]} a4 {[%clk 0:24:56]} 47. b4 {[%clk 0:39:22]}
Bxe5 {[%clk 0:24:06]} 48. Rxe5 {[%clk 0:39:14]} Rh8 {[%clk 0:23:08]} 49. Re3
{[%clk 0:39:31]} Kf6 {[%clk 0:22:33]} 50. Re5 {[%clk 0:37:33]} Kg7 {[%clk
0:22:30]} 51. Re3 {[%clk 0:36:13]} Kf6 {[%clk 0:20:07]} 52. Re5 {[%clk 0:36:37]}
Ke7 {[%clk 0:20:30]} 53. Re3 {[%clk 0:36:23]} Kd6 {[%clk 0:19:20]} 54. Kc2 {[%clk
0:36:25]} Kd7 {[%clk 0:18:40]} 55. Kd2 {[%clk 0:36:36]} Rce8 {[%clk 0:18:44]} 56.
Kd3 {[%clk 0:34:32]} Rh7 {[%clk 0:18:11]} 57. g4 {[%clk 0:33:24]} Reh8 {[%clk
0:18:22]} 58. g5 {[%clk 0:31:52]} Rc8 {[%clk 0:18:14]} 59. Rhe1 {[%clk 0:30:28]}
Rc6 {[%clk 0:18:17]} 60. Rh3 {[%clk 0:29:59]} Rh8 {[%clk 0:18:29]} 61. Kd2 {[%clk
0:30:13]} Rf8 {[%clk 0:16:55]} 62. Re5 {[%clk 0:24:48]} f6 {[%clk 0:15:58]} 63.
gxf6 {[%clk 0:24:52]} Rxf6 {[%clk 0:16:26]} 64. Rh4 {[%clk 0:24:30]} Rc8 {[%clk
0:16:15]} 65. Rg5 {[%clk 0:24:31]} Ke7 {[%clk 0:14:18]} 66. Kd3 {[%clk 0:24:35]}
Kf7 {[%clk 0:13:51]} 67. Re5 {[%clk 0:24:21]} Rg8 {[%clk 0:12:59]} 68. Rg5 {[%clk
0:24:47]} Rh8 {[%clk 0:13:13]} 69. Ke3 {[%clk 0:24:55]} Rf5 {[%clk 0:12:54]} 70.
Rg3 {[%clk 0:24:46]} Kf6 {[%clk 0:12:23]} 71. Rh1 {[%clk 0:23:45]} g5 {[%clk
0:11:32]} 72. fxg5+ {[%clk 0:24:06]} Rxg5 {[%clk 0:12:01]} 73. Rf1+ {[%clk
0:23:48]} Rf5 {[%clk 0:11:52]} 74. Rfg1 {[%clk 0:24:14]} h4 {[%clk 0:10:59]} 75.
Rg6+ {[%clk 0:20:37]} Ke7 {[%clk 0:11:19]} 76. Rg7+ {[%clk 0:19:50]} Rf7 {[%clk
0:11:43]} 77. Rxf7+ {[%clk 0:18:52]} Kxf7 {[%clk 0:12:10]} 78. Kf4 {[%clk
0:18:46]} h3 {[%clk 0:11:40]} 79. Rh1 {[%clk 0:18:36]} h2 {[%clk 0:10:00]} 80.
Ke5 {[%clk 0:17:41]} Ke7 {[%clk 0:09:31]} 81. Kf4 {[%clk 0:18:07]} Kf6 {[%clk
0:09:22]} 82. Kg3 {[%clk 0:18:18]} Kf5 {[%clk 0:06:41]} 83. Kg2 {[%clk 0:18:41]}
0-1

[Event "65+ World Senior Team Championship"]
[Site "chess24.com"]
[Date "2017.05.02"]
[Round "9"]
[White "Salov, Sergej"]
[Black "Hewson, Brian W R"]
[Result "1-0"]
[Board "2"]
[WhiteElo "2190"]
[WhiteTitle "IM"]
[WhiteCountry "GER"]
[WhiteFideId "4107926"]
[WhiteEloChange "6"]
[BlackElo "2060"]
[BlackCountry "ENG"]
[BlackFideId "437484"]
[BlackEloChange "-6"]

1. e4 {[%clk 1:30:30]} c6 {[%clk 1:30:40]} 2. d4 {[%clk 1:30:44]} d5 {[%clk
1:31:06]} 3. Nc3 {[%clk 1:30:54]} dxe4 {[%clk 1:31:28]} 4. Nxe4 {[%clk 1:31:12]}
Nd7 {[%clk 1:31:28]} 5. Bc4 {[%clk 1:29:53]} e6 {[%clk 1:24:34]} 6. Nf3 {[%clk
1:25:23]} Ngf6 {[%clk 1:24:32]} 7. Qe2 {[%clk 1:22:01]} Nxe4 {[%clk 1:14:01]} 8.
Qxe4 {[%clk 1:21:19]} Nf6 {[%clk 1:14:23]} 9. Qe2 {[%clk 1:21:29]} Be7 {[%clk
1:10:09]} 10. O-O {[%clk 1:14:39]} O-O {[%clk 1:09:59]} 11. Re1 {[%clk 1:07:24]}
b5 {[%clk 0:57:41]} 12. Bb3 {[%clk 1:01:26]} a5 {[%clk 0:49:50]} 13. c3 {[%clk
0:53:24]} Qb6 {[%clk 0:26:51]} 14. Ne5 {[%clk 0:45:38]} c5 {[%clk 0:23:45]} 15.
Be3 {[%clk 0:38:23]} c4 {[%clk 0:22:15]} 16. Bc2 {[%clk 0:38:13]} Bb7 {[%clk
0:22:01]} 17. Bg5 {[%clk 0:32:07]} Qd8 {[%clk 0:16:55]} 18. a4 {[%clk 0:22:05]}
Rc8 {[%clk 0:13:21]} 19. axb5 {[%clk 0:15:34]} Qd5 {[%clk 0:13:43]} 20. f3 {[%clk
0:15:40]} Qxb5 {[%clk 0:14:01]} 21. Ba4 {[%clk 0:15:58]} Qd5 {[%clk 0:13:31]} 22.
Bxf6 {[%clk 0:14:28]} Bxf6 {[%clk 0:13:09]} 23. Nd7 {[%clk 0:14:06]} Rfd8 {[%clk
0:11:35]} 24. Nb6 {[%clk 0:14:16]} Bxd4+ {[%clk 0:11:53]} 25. cxd4 {[%clk
0:14:10]} Qxd4+ {[%clk 0:12:15]} 26. Qf2 {[%clk 0:14:32]} Qxf2+ {[%clk 0:08:33]}
27. Kxf2 {[%clk 0:14:46]} Rd2+ {[%clk 0:08:59]} 28. Re2 {[%clk 0:14:44]} Rcd8
{[%clk 0:09:21]} 29. Nxc4 {[%clk 0:14:30]} Rxe2+ {[%clk 0:09:39]} 30. Kxe2 {[%clk
0:14:44]} Ba6 {[%clk 0:09:39]} 31. b3 {[%clk 0:14:54]} 1-0

[Event "65+ World Senior Team Championship"]
[Site "chess24.com"]
[Date "2017.05.02"]
[Round "9"]
[White "Reynolds, D Ian W"]
[Black "Baum, Bernd, Dr."]
[Result "1/2-1/2"]
[Board "3"]
[WhiteElo "2000"]
[WhiteCountry "ENG"]
[WhiteFideId "410705"]
[WhiteEloChange "6"]
[BlackElo "2226"]
[BlackTitle "FM"]
[BlackCountry "GER"]
[BlackFideId "4611853"]
[BlackEloChange "-6"]

1. e4 {[%clk 1:30:48]} e6 {[%clk 1:31:00]} 2. d4 {[%clk 1:31:09]} d5 {[%clk
1:31:28]} 3. Nc3 {[%clk 1:31:18]} Nf6 {[%clk 1:31:35]} 4. Bg5 {[%clk 1:31:15]}
dxe4 {[%clk 1:31:50]} 5. Nxe4 {[%clk 1:31:31]} Nbd7 {[%clk 1:32:14]} 6. Nf3
{[%clk 1:31:03]} h6 {[%clk 1:32:32]} 7. Nxf6+ {[%clk 1:29:22]} Nxf6 {[%clk
1:32:58]} 8. Bh4 {[%clk 1:27:22]} c5 {[%clk 1:27:31]} 9. Bb5+ {[%clk 1:25:10]}
Bd7 {[%clk 1:27:39]} 10. Bxd7+ {[%clk 1:24:54]} Qxd7 {[%clk 1:27:26]} 11. Bxf6
{[%clk 1:17:30]} gxf6 {[%clk 1:27:52]} 12. dxc5 {[%clk 1:17:16]} Qxd1+ {[%clk
1:20:05]} 13. Rxd1 {[%clk 1:17:37]} Bxc5 {[%clk 1:20:27]} 14. O-O {[%clk
1:16:03]} Rd8 {[%clk 1:18:17]} 15. Rxd8+ {[%clk 1:15:05]} Kxd8 {[%clk 1:18:46]}
16. Nd2 {[%clk 1:14:26]} Ke7 {[%clk 1:17:42]} 17. Nb3 {[%clk 1:13:45]} Bb6 {[%clk
1:16:22]} 18. Rd1 {[%clk 1:13:32]} Rc8 {[%clk 1:14:31]} 19. c3 {[%clk 1:12:29]}
Rc4 {[%clk 1:14:03]} 20. g3 {[%clk 1:09:28]} f5 {[%clk 1:10:17]} 21. Kg2 {[%clk
1:08:06]} a5 {[%clk 1:05:12]} 22. Nd2 {[%clk 1:05:36]} Rc6 {[%clk 1:02:12]} 23.
Nf1 {[%clk 0:56:25]} a4 {[%clk 0:58:10]} 24. Rc1 {[%clk 0:48:02]} Rd6 {[%clk
0:57:10]} 25. b4 {[%clk 0:39:48]} Rd3 {[%clk 0:54:48]} 26. Rc2 {[%clk 0:38:47]}
Bc7 {[%clk 0:51:01]} 27. f4 {[%clk 0:35:47]} f6 {[%clk 0:47:12]} 28. Kf2 {[%clk
0:34:17]} e5 {[%clk 0:45:15]} 29. Ke2 {[%clk 0:34:16]} Rd8 {[%clk 0:42:54]} 30.
Ne3 {[%clk 0:32:08]} exf4 {[%clk 0:39:25]} 31. Nxf5+ {[%clk 0:31:10]} Ke6 {[%clk
0:34:47]} 32. Nd4+ {[%clk 0:30:20]} Kf7 {[%clk 0:31:28]} 33. gxf4 {[%clk
0:29:14]} Bxf4 {[%clk 0:31:38]} 34. Kf3 {[%clk 0:29:21]} Be5 {[%clk 0:31:24]} 35.
Ke4 {[%clk 0:29:07]} Rg8 {[%clk 0:28:45]} 36. Nf3 {[%clk 0:24:45]} Rg4+ {[%clk
0:25:27]} 37. Kd5 {[%clk 0:24:35]} Bc7 {[%clk 0:23:30]} 38. c4 {[%clk 0:17:33]}
Rf4 {[%clk 0:21:09]} 39. Rc3 {[%clk 0:13:29]} Rf5+ {[%clk 0:17:17]} 40. Ke4
{[%clk 0:43:29]} Rh5 {[%clk 0:46:29]} 41. Ra3 {[%clk 0:39:39]} f5+ {[%clk
0:42:38]} 42. Kd5 {[%clk 0:38:13]} Bxh2 {[%clk 0:40:01]} 43. Nxh2 {[%clk
0:37:25]} Rxh2 {[%clk 0:40:07]} 44. Rxa4 {[%clk 0:37:42]} Kf6 {[%clk 0:39:34]}
45. c5 {[%clk 0:32:46]} Rd2+ {[%clk 0:38:30]} 46. Kc4 {[%clk 0:33:08]} f4 {[%clk
0:36:57]} 47. Ra3 {[%clk 0:31:25]} Ke5 {[%clk 0:36:39]} 48. Rh3 {[%clk 0:29:52]}
Rxa2 {[%clk 0:35:18]} 49. Kb5 {[%clk 0:29:43]} Rb2 {[%clk 0:34:01]} 50. Ka5
{[%clk 0:29:46]} Kd4 {[%clk 0:28:32]} 51. Rxh6 {[%clk 0:27:38]} f3 {[%clk
0:19:50]} 52. Rf6 {[%clk 0:27:24]} f2 {[%clk 0:18:08]} 53. Rf8 {[%clk 0:26:46]}
Kc4 {[%clk 0:13:30]} 54. Rf4+ {[%clk 0:26:52]} Kd3 {[%clk 0:13:42]} 55. b5 {[%clk
0:26:46]} Ke3 {[%clk 0:11:05]} 56. Rf8 {[%clk 0:26:55]} Rb1 {[%clk 0:10:33]} 57.
c6 {[%clk 0:24:38]} 1/2-1/2

[Event "65+ World Senior Team Championship"]
[Site "chess24.com"]
[Date "2017.05.02"]
[Round "9"]
[White "Haubt, Georg"]
[Black "Thynne, Trefor F"]
[Result "1-0"]
[Board "4"]
[WhiteElo "2179"]
[WhiteTitle "FM"]
[WhiteCountry "GER"]
[WhiteFideId "4604016"]
[WhiteEloChange "5"]
[BlackElo "1975"]
[BlackCountry "ENG"]
[BlackFideId "419893"]
[BlackEloChange "-5"]

1. d4 {[%clk 1:30:51]} d5 {[%clk 1:30:56]} 2. Bf4 {[%clk 1:31:03]} Nf6 {[%clk
1:31:20]} 3. e3 {[%clk 1:30:57]} c5 {[%clk 1:31:28]} 4. Nc3 {[%clk 1:28:48]} Bf5
{[%clk 1:20:29]} 5. Nb5 {[%clk 1:26:06]} Na6 {[%clk 1:20:37]} 6. c3 {[%clk
1:25:30]} Qb6 {[%clk 1:05:23]} 7. a4 {[%clk 1:20:14]} c4 {[%clk 0:58:36]} 8. b3
{[%clk 1:17:45]} Rc8 {[%clk 0:56:58]} 9. bxc4 {[%clk 1:17:20]} dxc4 {[%clk
0:57:22]} 10. Nf3 {[%clk 1:12:14]} Nd5 {[%clk 0:52:25]} 11. Bg3 {[%clk 1:07:20]}
Qa5 {[%clk 0:33:32]} 12. Qc1 {[%clk 0:59:43]} e6 {[%clk 0:21:07]} 13. Nd2 {[%clk
0:56:31]} Bd3 {[%clk 0:19:33]} 14. Nxa7 {[%clk 0:44:12]} Ra8 {[%clk 0:18:07]} 15.
Nb5 {[%clk 0:44:20]} Rc8 {[%clk 0:14:18]} 16. e4 {[%clk 0:43:32]} Nxc3 {[%clk
0:07:54]} 17. Bd6 {[%clk 0:31:43]} Bxf1 {[%clk 0:06:12]} 18. Bxf8 {[%clk
0:19:24]} Kxf8 {[%clk 0:06:00]} 19. Qa3+ {[%clk 0:17:36]} Qb4 {[%clk 0:05:30]}
20. Kxf1 {[%clk 0:14:10]} Nxb5 {[%clk 0:05:18]} 21. axb5 {[%clk 0:14:29]} Qxa3
{[%clk 0:05:28]} 22. Rxa3 {[%clk 0:14:55]} Nb4 {[%clk 0:05:50]} 23. Rc3 {[%clk
0:13:28]} Na2 {[%clk 0:05:13]} 24. Rc2 {[%clk 0:09:56]} c3 {[%clk 0:04:23]} 25.
Rxa2 {[%clk 0:08:16]} cxd2 {[%clk 0:04:14]} 26. Ke2 {[%clk 0:08:32]} Rc1 {[%clk
0:04:23]} 27. Rd1 {[%clk 0:07:30]} Ke7 {[%clk 0:04:25]} 28. Kxd2 {[%clk 0:06:09]}
Rxd1+ {[%clk 0:04:51]} 29. Kxd1 {[%clk 0:06:36]} Rd8 {[%clk 0:04:58]} 30. Ra4
{[%clk 0:06:31]} Rd6 {[%clk 0:05:02]} 31. Kc2 {[%clk 0:06:21]} Kd7 {[%clk
0:05:08]} 32. Rc4 {[%clk 0:06:11]} f6 {[%clk 0:04:37]} 33. Kc3 {[%clk 0:05:33]}
b6 {[%clk 0:04:20]} 34. Ra4 {[%clk 0:05:36]} Ke8 {[%clk 0:04:13]} 35. Ra7 {[%clk
0:05:37]} Kf8 {[%clk 0:04:40]} 36. Rc7 {[%clk 0:05:27]} h6 {[%clk 0:04:00]} 37.
f4 {[%clk 0:04:47]} h5 {[%clk 0:03:43]} 38. Kc4 {[%clk 0:04:27]} g6 {[%clk
0:03:40]} 39. e5 {[%clk 0:04:20]} fxe5 {[%clk 0:03:43]} 40. fxe5 {[%clk 0:30:30]}
Rd8 {[%clk 0:33:31]} 41. Rc6 {[%clk 0:34:31]} Ke7 {[%clk 0:33:35]} 42. Rxb6
{[%clk 0:34:52]} Rc8+ {[%clk 0:33:51]} 43. Rc6 {[%clk 0:34:50]} Ra8 {[%clk
0:34:15]} 44. Rc7+ {[%clk 0:34:42]} Kf8 {[%clk 0:34:35]} 45. b6 {[%clk 0:34:44]}
1-0

[Event "65+ World Senior Team Championship"]
[Site "chess24.com"]
[Date "2017.05.02"]
[Round "9"]
[White "Vucenovic, Dragomir"]
[Black "Stokes, Michael"]
[Result "1/2-1/2"]
[Board "1"]
[WhiteElo "2274"]
[WhiteTitle "FM"]
[WhiteCountry "SUI"]
[WhiteFideId "1300393"]
[WhiteEloChange "-1"]
[BlackElo "2223"]
[BlackCountry "ENG"]
[BlackFideId "442542"]
[BlackEloChange "1"]

1. d4 {[%clk 1:30:56]} Nf6 {[%clk 1:30:55]} 2. Nf3 {[%clk 1:31:11]} g6 {[%clk
1:31:21]} 3. g3 {[%clk 1:31:20]} Bg7 {[%clk 1:31:46]} 4. Bg2 {[%clk 1:31:36]} O-O
{[%clk 1:32:06]} 5. O-O {[%clk 1:31:52]} d6 {[%clk 1:32:05]} 6. c4 {[%clk
1:32:10]} Re8 {[%clk 1:32:01]} 7. Nc3 {[%clk 1:32:16]} Bg4 {[%clk 1:29:01]} 8.
Re1 {[%clk 1:26:01]} Na6 {[%clk 1:28:52]} 9. Qb3 {[%clk 1:14:46]} Rb8 {[%clk
1:25:13]} 10. Be3 {[%clk 1:13:28]} c6 {[%clk 1:13:32]} 11. Rad1 {[%clk 1:07:14]}
Qa5 {[%clk 1:06:51]} 12. d5 {[%clk 1:02:08]} Nd7 {[%clk 0:58:35]} 13. Bd2 {[%clk
0:57:28]} Ndc5 {[%clk 0:54:35]} 14. Qc2 {[%clk 0:56:54]} Nb4 {[%clk 0:49:48]} 15.
Qb1 {[%clk 0:55:28]} Bf5 {[%clk 0:48:00]} 16. e4 {[%clk 0:54:13]} Bg4 {[%clk
0:48:24]} 17. a3 {[%clk 0:50:36]} Nbd3 {[%clk 0:33:09]} 18. Re3 {[%clk 0:43:20]}
Ne5 {[%clk 0:33:33]} 19. b4 {[%clk 0:42:32]} Qxa3 {[%clk 0:33:31]} 20. bxc5
{[%clk 0:41:47]} Nxc4 {[%clk 0:32:40]} 21. Rd3 {[%clk 0:39:18]} Nb2 {[%clk
0:27:44]} 22. Bc1 {[%clk 0:36:52]} Bxc3 {[%clk 0:28:05]} 23. R1d2 {[%clk
0:33:18]} Qb4 {[%clk 0:26:13]} 24. Rxc3 {[%clk 0:28:59]} Qxc3 {[%clk 0:26:33]}
25. Bxb2 {[%clk 0:28:26]} Qxc5 {[%clk 0:26:03]} 26. Bd4 {[%clk 0:27:30]} Qc4
{[%clk 0:24:39]} 27. Bf1 {[%clk 0:27:28]} Qa4 {[%clk 0:23:37]} 28. Ra2 {[%clk
0:26:35]} Qxa2 {[%clk 0:24:02]} 29. Qxa2 {[%clk 0:26:43]} Bxf3 {[%clk 0:24:27]}
30. Bg2 {[%clk 0:26:13]} Bxg2 {[%clk 0:24:44]} 31. Kxg2 {[%clk 0:26:37]} c5
{[%clk 0:25:07]} 32. Bb2 {[%clk 0:26:22]} b5 {[%clk 0:23:24]} 33. Qxa7 {[%clk
0:24:22]} b4 {[%clk 0:23:47]} 34. Qa6 {[%clk 0:24:14]} Rec8 {[%clk 0:22:11]} 35.
Qc4 {[%clk 0:23:02]} f6 {[%clk 0:22:08]} 36. e5 {[%clk 0:21:06]} fxe5 {[%clk
0:21:13]} 37. f4 {[%clk 0:20:59]} exf4 {[%clk 0:18:51]} 38. gxf4 {[%clk 0:20:28]}
Rf8 {[%clk 0:18:38]} 39. Kg3 {[%clk 0:19:12]} Rf7 {[%clk 0:16:39]} 40. h4 {[%clk
0:48:33]} Rf5 {[%clk 0:45:27]} 41. Qe4 {[%clk 0:47:48]} Kf8 {[%clk 0:45:42]} 42.
Qc4 {[%clk 0:46:57]} Ke8 {[%clk 0:45:35]} 43. Qa6 {[%clk 0:46:14]} Kf7 {[%clk
0:41:57]} 44. Qa7 {[%clk 0:43:00]} Re8 {[%clk 0:39:21]} 45. Qb7 {[%clk 0:41:57]}
Rf8 {[%clk 0:38:02]} 46. Bc1 {[%clk 0:40:21]} Re8 {[%clk 0:35:58]} 47. Kf3 {[%clk
0:37:36]} Kf8 {[%clk 0:35:36]} 48. Bb2 {[%clk 0:36:38]} Rf7 {[%clk 0:34:50]} 49.
Qc7 {[%clk 0:32:57]} Rf5 {[%clk 0:33:58]} 50. Qb7 {[%clk 0:32:07]} Rf7 {[%clk
0:33:41]} 51. Qd7 {[%clk 0:29:47]} Ra8 {[%clk 0:31:59]} 52. h5 {[%clk 0:29:14]}
gxh5 {[%clk 0:31:13]} 53. Ke4 {[%clk 0:28:20]} Kg8 {[%clk 0:30:57]} 54. Qh3
{[%clk 0:23:35]} c4 {[%clk 0:30:23]} 55. Bd4 {[%clk 0:23:32]} c3 {[%clk 0:28:46]}
56. Kd3 {[%clk 0:22:50]} Rxf4 {[%clk 0:27:42]} 57. Qxh5 {[%clk 0:21:04]} Rf7
{[%clk 0:25:46]} 58. Qh3 {[%clk 0:20:19]} Rb8 {[%clk 0:25:03]} 59. Ba7 {[%clk
0:16:25]} Ra8 {[%clk 0:24:00]} 60. Qg4+ {[%clk 0:16:03]} Rg7 {[%clk 0:21:39]} 61.
Qe6+ {[%clk 0:13:36]} Kf8 {[%clk 0:20:43]} 62. Bd4 {[%clk 0:13:12]} Rg6 {[%clk
0:19:45]} 63. Qh3 {[%clk 0:08:57]} Kg8 {[%clk 0:15:53]} 64. Kc2 {[%clk 0:06:55]}
h6 {[%clk 0:12:32]} 65. Kb3 {[%clk 0:06:30]} Rb8 {[%clk 0:08:31]} 66. Qf5 {[%clk
0:06:32]} Rf6 {[%clk 0:03:50]} 67. Bxf6 {[%clk 0:06:55]} exf6 {[%clk 0:04:14]}
68. Qg6+ {[%clk 0:07:11]} Kf8 {[%clk 0:03:58]} 69. Qxf6+ {[%clk 0:07:13]} Kg8
{[%clk 0:04:20]} 70. Qg6+ {[%clk 0:08:02]} Kh8 {[%clk 0:04:20]} 71. Qxd6 {[%clk
0:08:02]} 1/2-1/2

[Event "65+ World Senior Team Championship"]
[Site "chess24.com"]
[Date "2017.05.02"]
[Round "9"]
[White "Quinn, John M"]
[Black "Hohler, Peter"]
[Result "1/2-1/2"]
[Board "2"]
[WhiteElo "2176"]
[WhiteCountry "ENG"]
[WhiteFideId "405043"]
[WhiteEloChange "-3"]
[BlackElo "2076"]
[BlackTitle "FM"]
[BlackCountry "SUI"]
[BlackFideId "1300296"]
[BlackEloChange "3"]

1. d4 {[%clk 1:30:57]} Nf6 {[%clk 1:30:50]} 2. c4 {[%clk 1:31:21]} e6 {[%clk
1:30:49]} 3. Nc3 {[%clk 1:31:47]} Bb4 {[%clk 1:31:04]} 4. Qc2 {[%clk 1:32:11]}
Nc6 {[%clk 1:31:08]} 5. Nf3 {[%clk 1:32:20]} d6 {[%clk 1:31:17]} 6. Bg5 {[%clk
1:29:55]} h6 {[%clk 1:30:52]} 7. Bd2 {[%clk 1:30:21]} e5 {[%clk 1:28:32]} 8. d5
{[%clk 1:20:17]} Bxc3 {[%clk 1:28:50]} 9. Bxc3 {[%clk 1:20:18]} Ne7 {[%clk
1:29:08]} 10. e4 {[%clk 1:20:26]} O-O {[%clk 1:29:07]} 11. Be2 {[%clk 1:13:55]}
Nh7 {[%clk 1:16:08]} 12. Nd2 {[%clk 1:04:48]} f5 {[%clk 1:15:22]} 13. O-O-O
{[%clk 1:02:30]} Nf6 {[%clk 1:06:16]} 14. f3 {[%clk 0:56:13]} a5 {[%clk 0:55:01]}
15. Bd3 {[%clk 0:51:42]} fxe4 {[%clk 0:54:54]} 1/2-1/2

[Event "65+ World Senior Team Championship"]
[Site "chess24.com"]
[Date "2017.05.02"]
[Round "9"]
[White "Staechelin, Ruedi"]
[Black "Ashby, Anthony C"]
[Result "1/2-1/2"]
[Board "3"]
[WhiteElo "2092"]
[WhiteCountry "SUI"]
[WhiteFideId "1304070"]
[BlackElo "2080"]
[BlackTitle "CM"]
[BlackCountry "ENG"]
[BlackFideId "405302"]

1. e4 {[%clk 1:30:55]} e5 {[%clk 1:30:12]} 2. Nf3 {[%clk 1:30:59]} Nc6 {[%clk
1:30:36]} 3. Bb5 {[%clk 1:31:20]} a6 {[%clk 1:30:49]} 4. Ba4 {[%clk 1:30:45]} Nf6
{[%clk 1:29:35]} 5. O-O {[%clk 1:31:04]} Be7 {[%clk 1:29:49]} 6. Re1 {[%clk
1:30:55]} b5 {[%clk 1:30:10]} 7. Bb3 {[%clk 1:31:20]} d6 {[%clk 1:27:18]} 8. c3
{[%clk 1:31:00]} O-O {[%clk 1:27:39]} 9. d3 {[%clk 1:29:23]} Na5 {[%clk 1:21:57]}
10. Bc2 {[%clk 1:29:43]} c5 {[%clk 1:22:09]} 11. Nbd2 {[%clk 1:28:48]} Re8 {[%clk
1:17:28]} 12. Nf1 {[%clk 1:27:37]} Bf8 {[%clk 1:15:53]} 13. Ng3 {[%clk 1:26:45]}
Nc6 {[%clk 1:14:16]} 14. h3 {[%clk 1:18:24]} h6 {[%clk 1:11:35]} 15. d4 {[%clk
1:14:36]} Qc7 {[%clk 1:06:53]} 16. a4 {[%clk 1:10:10]} Rb8 {[%clk 1:05:58]} 17.
d5 {[%clk 1:07:56]} Na5 {[%clk 1:05:15]} 18. axb5 {[%clk 1:05:02]} axb5 {[%clk
1:05:20]} 19. b3 {[%clk 1:02:08]} Bd7 {[%clk 1:01:49]} 20. Bd2 {[%clk 0:59:34]}
Nb7 {[%clk 0:53:58]} 21. b4 {[%clk 0:56:16]} Ra8 {[%clk 0:52:21]} 22. Bd3 {[%clk
0:56:21]} Reb8 {[%clk 0:44:58]} 23. Qe2 {[%clk 0:54:57]} c4 {[%clk 0:42:50]} 24.
Bc2 {[%clk 0:55:13]} Nd8 {[%clk 0:43:03]} 25. Reb1 {[%clk 0:54:49]} Nh7 {[%clk
0:41:08]} 26. Qd1 {[%clk 0:53:53]} Qb7 {[%clk 0:37:29]} 27. Rb2 {[%clk 0:53:57]}
f5 {[%clk 0:32:38]} 28. Rba2 {[%clk 0:32:09]} f4 {[%clk 0:24:07]} 1/2-1/2

[Event "65+ World Senior Team Championship"]
[Site "chess24.com"]
[Date "2017.05.02"]
[Round "9"]
[White "Reuben, Stewart"]
[Black "Illi, Hans-Joerg"]
[Result "1/2-1/2"]
[Board "4"]
[WhiteElo "2077"]
[WhiteTitle "CM"]
[WhiteCountry "ENG"]
[WhiteFideId "405256"]
[WhiteEloChange "-1"]
[BlackElo "2059"]
[BlackCountry "SUI"]
[BlackFideId "1300431"]
[BlackEloChange "1"]

1. c4 {[%clk 1:30:11]} e5 {[%clk 1:28:24]} 2. g3 {[%clk 1:30:19]} Nc6 {[%clk
1:28:44]} 3. Bg2 {[%clk 1:30:37]} Bc5 {[%clk 1:28:46]} 4. Nc3 {[%clk 1:30:51]} d6
{[%clk 1:28:47]} 5. e3 {[%clk 1:30:38]} Nf6 {[%clk 1:28:26]} 6. Nge2 {[%clk
1:30:46]} O-O {[%clk 1:26:03]} 7. d4 {[%clk 1:30:31]} exd4 {[%clk 1:23:40]} 8.
exd4 {[%clk 1:30:12]} Bb6 {[%clk 1:21:10]} 9. O-O {[%clk 1:29:16]} Bf5 {[%clk
1:19:26]} 10. a3 {[%clk 1:21:56]} a5 {[%clk 1:18:53]} 11. Bg5 {[%clk 1:18:53]} h6
{[%clk 1:09:49]} 12. Bxf6 {[%clk 1:18:42]} Qxf6 {[%clk 1:08:32]} 13. Nd5 {[%clk
1:18:49]} Qd8 {[%clk 1:06:45]} 14. Nxb6 {[%clk 1:18:42]} cxb6 {[%clk 1:06:58]}
15. Nf4 {[%clk 1:18:21]} Qf6 {[%clk 1:03:40]} 16. Nd5 {[%clk 1:17:51]} Qd8 {[%clk
0:57:40]} 17. b4 {[%clk 1:13:45]} Re8 {[%clk 0:45:03]} 18. b5 {[%clk 1:10:39]}
Ne7 {[%clk 0:42:40]} 19. Re1 {[%clk 1:01:39]} Rc8 {[%clk 0:34:39]} 20. Ne3 {[%clk
0:42:59]} Rc7 {[%clk 0:32:40]} 21. Nxf5 {[%clk 0:32:47]} Nxf5 {[%clk 0:32:48]}
22. Be4 {[%clk 0:28:18]} Rce7 {[%clk 0:21:39]} 23. Qd3 {[%clk 0:22:28]} g6 {[%clk
0:13:57]} 24. Kf1 {[%clk 0:17:14]} Ng7 {[%clk 0:12:37]} 25. Bd5 {[%clk 0:15:36]}
Rxe1+ {[%clk 0:11:18]} 26. Rxe1 {[%clk 0:15:57]} Rxe1+ {[%clk 0:11:20]} 27. Kxe1
{[%clk 0:16:25]} Qf6 {[%clk 0:10:27]} 28. Qf3 {[%clk 0:04:26]} Nf5 {[%clk
0:10:22]} 29. g4 {[%clk 0:03:55]} Qe7+ {[%clk 0:10:08]} 30. Qe4 {[%clk 0:03:21]}
Qxe4+ {[%clk 0:09:05]} 31. Bxe4 {[%clk 0:03:49]} Nxd4 {[%clk 0:08:39]} 32. Bxb7
{[%clk 0:03:40]} g5 {[%clk 0:06:27]} 33. Kd2 {[%clk 0:03:20]} Ne6 {[%clk
0:04:20]} 34. Ke3 {[%clk 0:02:51]} Kf8 {[%clk 0:04:17]} 35. Bf3 {[%clk 0:02:19]}
Ke7 {[%clk 0:04:19]} 36. Ke4 {[%clk 0:02:26]} Nf4 {[%clk 0:04:14]} 37. Bd1 {[%clk
0:02:05]} Ke6 {[%clk 0:04:10]} 38. f3 {[%clk 0:01:58]} Kf6 {[%clk 0:00:48]} 39.
Bb3 {[%clk 0:02:08]} 1/2-1/2